Countries that start with 'T' by picture - Statistics

General Stats
  • This quiz has been taken 24 times
  • The average score is 9 of 11
Answer Stats
Picture Answer % Correct
Thailand
95%
Trinidad and Tobago
86%
Turkey
86%
Tuvalu
86%
Tajikistan
81%
Tanzania
81%
Tonga
81%
Taiwan
76%
Turkmenistan
76%
Togo
71%
Tunisia
67%
No matching quizzes found
Score Distribution
Percent of People with Each Score
Percentile by Number Answered
Your Score History
You have not taken this quiz